Datum a čas kvízu
33.5
Celkem bodů
Celkový počet nahraných bodů na tomto kvízu bez doplňovacích otázek.
3.
Pořadí na kvízu
Konečné umístění týmu na tomto kvízu.
Zaznamenané odpovědi
| # | Otázka | Odpověď | Body | Výsledky |
|---|---|---|---|---|
| 1. | Z baziliky v Jablonném v Podje... | C | 1 | |
| 2. | Italská vesnice Punta Marina č... | pávy | 0 | |
| 3. | Prodejce langošů ve slovenském... | chybějící diakritika (háčky a čárky) | 1 | |
| 4. | Německý soud rozhodl, že potra... | Milku | 1 | |
| 5. | Minulý týden bylo oznámeno, pr... | o Kosovo | 0 | |
| 6. | Vítězné téma facebookového hla... | 36 týmů | 0 | |
| 7. | Ve kterých třech jazycích je s... | angličtina, francouzština, němčina | 0.5 | |
| 8. | Pokud budeme počítat i předchů... | C | 0 | |
| 9. | Ve finále v roce 2012 zaznamen... | Petr Čech | 0 | |
| 10. | Historicky nejlepšími střelci... | Karim Benzema | 0 |